Approach to increase the number of tithe returners in the South Malawi Conference / (Record no. 23716)
[ view plain ]
| 000 -LEADER | |
|---|---|
| fixed length control field | 00685nam a22001817a 4500 |
| 003 - CONTROL NUMBER IDENTIFIER | |
| control field | AUA.1 |
| 005 - DATE AND TIME OF LATEST TRANSACTION | |
| control field | 20221129115004.0 |
| 008 - FIXED-LENGTH DATA ELEMENTS--GENERAL INFORMATION | |
| fixed length control field | 221129b ||||| |||| 00| 0 eng d |
| 040 ## - CATALOGING SOURCE | |
| Transcribing agency | JTL |
| 100 ## - MAIN ENTRY--PERSONAL NAME | |
| Personal name | Nkuziona, Yolos Austin |
| 245 ## - TITLE STATEMENT | |
| Title | Approach to increase the number of tithe returners in the South Malawi Conference / |
| Statement of responsibility, etc | Yolos Austin Nkuziona |
| 260 ## - PUBLICATION, DISTRIBUTION, ETC. (IMPRINT) | |
| Date of publication, distribution, etc | c2022 |
| 300 ## - PHYSICAL DESCRIPTION | |
| Extent | ix, 77 leaves: |
| Dimensions | 28 cm |
| 500 ## - GENERAL NOTE | |
| General note | A project presented in partial fulfillment of the requirements for the degree Master of Divinity |
| 650 ## - SUBJECT ADDED ENTRY--TOPICAL TERM | |
| Topical term or geographic name as entry element | Church members |
| Form subdivision | Tithes |
| 650 ## - SUBJECT ADDED ENTRY--TOPICAL TERM | |
| Topical term or geographic name as entry element | Seventh-day Adventist Church |
| Geographic subdivision | South Malawi conference |
| 942 ## - ADDED ENTRY ELEMENTS (KOHA) | |
| Source of classification or shelving scheme | Library of Congress Classification |
| Koha item type | Project |
| Classification part | MDiv |
| Item part | .N589 2022 |
| Withdrawn status | Lost status | Source of classification or shelving scheme | Damaged status | Not for loan | Collection code | Home library | Current library | Shelving location | Date acquired | Source of acquisition | Cost, normal purchase price | Serial Enumeration / chronology | Full call number | Barcode | Date last seen | Cost, replacement price | Price effective from | Koha item type |
|---|---|---|---|---|---|---|---|---|---|---|---|---|---|---|---|---|---|---|
| Library of Congress Classification | JTL Research Collection | Judith Thomas Library | Judith Thomas Library | Judith Thomas Library Research Section | 29/11/2022 | AUA Research | 25.00 | AUA26271 | MDiv .N589 2022 | AUA26271 | 29/11/2022 | 25.00 | 29/11/2022 | Project |